000 00494nam a2200181Ia 4500
003 OSt
005 20240323102227.0
008 210210b1949 xxu||||| |||| 00| 0 eng d
040 _cAL
041 _aKannada
082 _a854/254
100 _aRAJARATNAM (G P) ರಾಜರತ್ನಂ ಜಿ ಪಿ
_9137132
245 _aShrikavi ratna
_bಶ್ರೀಕವಿ ರತ್ನ
260 _aBengaluru
_b-
_c1949
690 _aKannada Criticism
_9137135
906 _a020103
942 _2ddc
_cBK
999 _c144254
_d144254